000 00405nam a22001577a 4500
003 OSt
005 20231213105042.0
007 240 pages
008 231213b |||||||| |||| 00| 0 eng d
020 _a9789390166824
040 _c
082 _a808.83/RAM
245 _aStart up marketing strategies
_b11 real life cases of indian start ups.
_cRamesh,Anil
260 _bjaico
_c2022
942 _2ddc
_cBK
_n0
999 _c36021
_d36021